| 000 | 00702nam a2200217 a 4500 | ||
|---|---|---|---|
| 001 | 13819 | ||
| 003 | BD-JhCC | ||
| 005 | 20240417080813.0 | ||
| 008 | 240415b2015 bg |||| ||a| 000 0 ben d | ||
| 035 | _a(BD-JhCC)13819 | ||
| 040 |
_aBD-JhCC _dBD-JhCC |
||
| 041 | _aBengali | ||
| 082 |
_a297.01 _bMOS 2015 |
||
| 100 | _a মোশাররফ,ড.ইঞ্জিনিয়ার | ||
| 245 |
_aইসলামের দিক-দর্শন / _cড.ইঞ্জিনিয়ার মোশাররফ । |
||
| 260 |
_aঢাকা: _bমাহির প্রিন্টার্স; _c2015. |
||
| 300 |
_a301 p. : _c22 cm. |
||
| 650 | _aAspects of Islam | ||
| 942 |
_2ddc _cBK |
||
| 999 |
_c13819 _d13819 |
||